[Event "Bodensee op"]
[Site "Bregenz"]
[Date "2023.05.17"]
[Round "5"]
[White "Hiemer, Bernd"]
[Black "Hess, Christian"]
[Result "1/2-1/2"]
[WhiteElo "1985"]
[BlackElo "2239"]
[PlyCount "64"]
[EventDate "2023.05.13"]
[EventType "swiss"]
[EventRounds "9"]
[EventCountry "AUT"]
[SourceTitle "CBM 215 Extra"]
[Source "ChessBase"]
[SourceDate "2023.09.30"]
[SourceVersion "1"]
[SourceVersionDate "2023.09.30"]
[SourceQuality "1"]

1. e4 e6 2. d3 d5 3. Nd2 c5 4. g3 Bd6 5. Bg2 Ne7 6. Ne2 Nbc6 7. 0-0 0-0 8. f4 b5 9. g4 c4 10. Nf3 dxe4 11. dxe4 Bc5+ 12. Kh1 Qxd1 13. Rxd1 Nb4 14. Ned4 e5 15. a3 Bxd4 16. axb4 Bxg4 17. c3 Bb6 18. fxe5 Ng6 19. Rd5 Rfe8 20. Rxb5 Bd7 21. Rd5 Bc6 22. Rd1 Nxe5 23. Nxe5 Rxe5 24. Rd6 Bb7 25. Bf4 Re7 26. e5 Bxg2+ 27. Kxg2 Rc8 28. Rad1 h6 29. Kf3 g5 30. Bg3 Kg7 31. Ke4 Rce8 32. Kf5 Re6 1/2-1/2

[Event "Bodensee op"]
[Site "Bregenz"]
[Date "2023.05.13"]
[Round "1"]
[White "Pleyer, Felix"]
[Black "Hess, Christian"]
[Result "0-1"]
[WhiteElo "2019"]
[BlackElo "2239"]
[PlyCount "88"]
[EventDate "2023.05.13"]
[EventType "swiss"]
[EventRounds "9"]
[EventCountry "AUT"]
[SourceTitle "CBM 215 Extra"]
[Source "ChessBase"]
[SourceDate "2023.09.30"]
[SourceVersion "1"]
[SourceVersionDate "2023.09.30"]
[SourceQuality "1"]

1. d4 d5 2. c4 c6 3. e3 Nf6 4. Nc3 a6 5. Bd3 b5 6. c5 g6 7. Nf3 Bg7 8. 0-0 0-0 9. Ne5 Nfd7 10. f4 Nxe5 11. fxe5 f6 12. exf6 exf6 13. Qf3 f5 14. Bd2 Ra7 15. Rae1 Re7 16. Qg3 Nd7 17. a4 Nf6 18. axb5 axb5 19. Ra1 Nh5 20. Qf3 f4 21. exf4 Bxd4+ 22. Kh1 Bxc5 23. Ra8 Ra7 24. Rxa7 Bxa7 25. Ra1 Bb8 26. Ne2 Be5 27. g4 Ng7 28. Ra8 Bxb2 29. Bb4 Bxg4 30. Qxg4 Qxa8 31. Bxf8 Qxf8 32. Qd7 Qe8 33. Qd6 Nh5 34. f5 Be5 35. Qc5 Nf6 36. fxg6 hxg6 37. Qe3 Kg7 38. Qg5 Nh7 39. Bxg6 Qxg6 40. Qxe5+ Nf6 41. Ng3 Qb1+ 42. Kg2 Qc2+ 43. Kf3 Kg6 44. h4 Qf2+ 0-1

[Event "Berlin-ch Seniors op 39th"]
[Site "Berlin"]
[Date "2023.02.01"]
[Round "9"]
[White "Hess, Christian"]
[Black "Mueller, Thomas2222"]
[Result "1-0"]
[WhiteElo "2215"]
[BlackElo "1954"]
[PlyCount "55"]
[EventDate "2023.01.24"]
[EventType "swiss"]
[EventRounds "9"]
[EventCountry "GER"]
[SourceTitle "CBM 212 Extra"]
[Source "ChessBase"]
[SourceDate "2023.03.31"]
[SourceVersion "1"]
[SourceVersionDate "2023.03.31"]
[SourceQuality "1"]

1. Nf3 Nf6 2. c4 g6 3. Nc3 Bg7 4. d4 d6 5. e4 0-0 6. Be2 e5 7. Be3 Ng4 8. Bg5 f6 9. Bh4 Nh6 10. dxe5 dxe5 11. Qxd8 Rxd8 12. Nd5 g5 13. Nxc7 gxh4 14. Nxa8 h3 15. 0-0 Nc6 16. Rad1 Nd4 17. Nxd4 exd4 18. Nc7 f5 19. Bd3 Ng4 20. Nd5 Kf7 21. exf5 hxg2 22. Kxg2 b5 23. Rfe1 Ne5 24. b3 Bb7 25. Be4 bxc4 26. bxc4 Nxc4 27. f6 Rxd5 28. fxg7 1-0

[Event "Berlin-ch Seniors op 39th"]
[Site "Berlin"]
[Date "2023.01.31"]
[Round "8"]
[White "Daverkausen, Bernd"]
[Black "Hess, Christian"]
[Result "0-1"]
[WhiteElo "2120"]
[BlackElo "2215"]
[PlyCount "54"]
[EventDate "2023.01.24"]
[EventType "swiss"]
[EventRounds "9"]
[EventCountry "GER"]
[SourceTitle "CBM 212 Extra"]
[Source "ChessBase"]
[SourceDate "2023.03.31"]
[SourceVersion "1"]
[SourceVersionDate "2023.03.31"]
[SourceQuality "1"]

1. c4 c5 2. Nf3 Nc6 3. d4 cxd4 4. Nxd4 Qb6 5. Nb3 Nf6 6. Nc3 e6 7. e4 Bb4 8. Be3 Qc7 9. Bd3 d5 10. cxd5 exd5 11. exd5 Nxd5 12. Bd2 Qe5+ 13. Qe2 Nxc3 14. bxc3 Bd6 15. Rb1 0-0 16. Qxe5 Nxe5 17. Be4 Re8 18. 0-0 Ng4 19. Bd5 Bf5 20. Rbd1 Bxh2+ 21. Kh1 Bc7 22. f3 Ne3 23. Bxe3 Rxe3 24. Bxb7 Rae8 25. g4 Bd3 26. Rf2 Bg3 27. Bc6 Re1+ 0-1

[Event "Berlin-ch Seniors op 39th"]
[Site "Berlin"]
[Date "2023.01.26"]
[Round "3"]
[White "Hess, Christian"]
[Black "Wolf, Christian"]
[Result "1/2-1/2"]
[WhiteElo "2215"]
[BlackElo "2083"]
[PlyCount "79"]
[EventDate "2023.01.24"]
[EventType "swiss"]
[EventRounds "9"]
[EventCountry "GER"]
[SourceTitle "CBM 212 Extra"]
[Source "ChessBase"]
[SourceDate "2023.03.31"]
[SourceVersion "1"]
[SourceVersionDate "2023.03.31"]
[SourceQuality "1"]

1. Nf3 d5 2. e3 Nf6 3. c4 e6 4. d4 Nbd7 5. Nbd2 Be7 6. b3 b6 7. Bb2 Bb7 8. Bd3 dxc4 9. bxc4 c5 10. 0-0 0-0 11. Qe2 cxd4 12. exd4 Re8 13. Rad1 Qc7 14. Rfe1 Rad8 15. Rc1 Qf4 16. h3 Bb4 17. Red1 Qb8 18. Rb1 Qa8 19. Qf1 Bd6 20. Re1 Nh5 21. Ng5 Nf4 22. Bxh7+ Kf8 23. Be4 e5 24. c5 Be7 25. Bxb7 Qxb7 26. Nde4 exd4 27. Bxd4 Bxg5 28. Nxg5 Qd5 29. Nf3 bxc5 30. Be3 Nxh3+ 31. Kh2 Qh5 32. Kg3 Re6 33. Bxc5+ Nxc5 34. Rxe6 Nxe6 35. gxh3 Ng5 36. Nxg5 Qxg5+ 37. Kh2 Qf4+ 38. Kg2 Rd5 39. Rb3 Qe4+ 40. Kh2 1/2-1/2

[Event "Forni di Sopra op 10th"]
[Site "Forni di Sopra"]
[Date "2019.06.17"]
[Round "3"]
[White "Hess, Christian"]
[Black "Haug, Johannes"]
[Result "0-1"]
[WhiteElo "2254"]
[BlackElo "2438"]
[PlyCount "64"]
[EventDate "2019.06.15"]
[EventType "swiss"]
[EventRounds "9"]
[EventCountry "ITA"]
[SourceTitle "CBM 191 Extra"]
[Source "ChessBase"]
[SourceDate "2019.09.30"]
[SourceVersion "1"]
[SourceVersionDate "2019.09.30"]
[SourceQuality "1"]

1. Nf3 d5 2. e3 Nf6 3. c4 e6 4. b3 b6 5. g3 Bb7 6. Bg2 Nbd7 7. 0-0 Bd6 8. Nc3 0-0 9. Bb2 a6 10. Qe2 c5 11. Rfd1 Qe7 12. d4 dxc4 13. bxc4 cxd4 14. exd4 Rfe8 15. Ne5 Bxg2 16. Kxg2 Rac8 17. a4 Bb4 18. Na2 Ba3 19. Rab1 Bxb2 20. Rxb2 Qa3 21. Rb4 a5 22. Rb5 Qxa4 23. Nc3 Qa3 24. Ne4 Nxe4 25. Nxd7 Nc3 26. Qg4 Qe7 27. Nxb6 Rb8 28. Rb2 Nxd1 29. Qxd1 Red8 30. c5 Qxc5 31. dxc5 Rxd1 32. c6 Rc1 0-1

[Event "GER-ch Seniors 65 31st"]
[Site "Radebeul"]
[Date "2019.05.04"]
[Round "9"]
[White "Hess, Christian"]
[Black "Boehm, Erwin"]
[Result "1-0"]
[WhiteElo "2246"]
[BlackElo "2155"]
[PlyCount "45"]
[EventDate "2019.04.26"]
[EventType "swiss"]
[EventRounds "9"]
[EventCountry "GER"]
[SourceTitle "CBM 190 Extra"]
[Source "ChessBase"]
[SourceDate "2019.07.15"]
[SourceVersion "1"]
[SourceVersionDate "2019.07.15"]
[SourceQuality "1"]

1. Nf3 g6 2. d4 Bg7 3. c4 d6 4. Nc3 c6 5. e4 Bg4 6. Be2 Bxf3 7. Bxf3 Qb6 8. Be3 Qxb2 9. Rc1 Nd7 10. 0-0 Qb6 11. Rb1 Qc7 12. Qb3 Rb8 13. Qa3 a6 14. Be2 e5 15. dxe5 dxe5 16. f4 exf4 17. Bxf4 Be5 18. Bxe5 Qxe5 19. Rf2 Ngf6 20. Rbf1 Qe7 21. Qxe7+ Kxe7 22. e5 Ne8 23. Rxf7+ 1-0

[Event "GER-ch Seniors 65 31st"]
[Site "Radebeul"]
[Date "2019.04.29"]
[Round "4"]
[White "Rosen, Willy"]
[Black "Hess, Christian"]
[Result "1/2-1/2"]
[WhiteElo "2178"]
[BlackElo "2246"]
[PlyCount "100"]
[EventDate "2019.04.26"]
[EventType "swiss"]
[EventRounds "9"]
[EventCountry "GER"]
[SourceTitle "CBM 190 Extra"]
[Source "ChessBase"]
[SourceDate "2019.07.15"]
[SourceVersion "1"]
[SourceVersionDate "2019.07.15"]
[SourceQuality "1"]

1. e4 c6 2. d4 d5 3. exd5 cxd5 4. Bd3 Nc6 5. c3 Qc7 6. Ne2 Bg4 7. f3 Bh5 8. Bf4 Qd7 9. Nd2 e6 10. b4 Bg6 11. Nb3 Nf6 12. a4 Nh5 13. Bg3 Nxg3 14. hxg3 Bxd3 15. Qxd3 g6 16. a5 Bg7 17. Nc5 Qc7 18. Kf2 0-0 19. f4 Rac8 20. g4 h6 21. Qh3 Rfe8 22. Nd3 Nb8 23. Ne5 Nd7 24. Nxd7 Qxd7 25. Qd3 Qc7 26. Rh3 Qc4 27. Qe3 Qb3 28. Rah1 Qc2 29. Qd3 Qb2 30. Rd1 Rc4 31. Rd2 Qa3 32. Qb1 Qa4 33. Kg1 Qc6 34. Kh1 Rc8 35. Rf3 f5 36. Re3 Kf7 37. gxf5 exf5 38. Rdd3 Re8 39. Qe1 Re4 40. g3 Qe6 41. Ng1 g5 42. fxg5 hxg5 43. Nf3 Qh6+ 44. Kg2 Rc8 45. Qf2 Rh8 46. Kf1 Rhe8 47. Nd2 Qh3+ 48. Ke2 Qh5+ 49. Kf1 Qh1+ 50. Ke2 Qh5+ 1/2-1/2

[Event "Basel op"]
[Site "Basel"]
[Date "2019.01.06"]
[Round "7"]
[White "Hess, Christian"]
[Black "Oparaugo, Thomas"]
[Result "1-0"]
[WhiteElo "2220"]
[BlackElo "2045"]
[PlyCount "45"]
[EventDate "2019.01.02"]
[EventType "swiss"]
[EventRounds "7"]
[EventCountry "SUI"]
[SourceTitle "CBM 188 Extra"]
[Source "ChessBase"]
[SourceDate "2019.02.26"]
[SourceVersion "1"]
[SourceVersionDate "2019.02.26"]
[SourceQuality "1"]

1. Nf3 d6 2. d4 Bg4 3. c4 Bxf3 4. gxf3 Nd7 5. f4 e5 6. fxe5 dxe5 7. Bg2 Qe7 8. Nc3 Qb4 9. Bd2 0-0-0 10. Nb5 Qxc4 11. Nxc7 Qxd4 12. Nb5 Qb6 13. Rc1+ Kb8 14. Qa4 Nc5 15. Qb4 Qe6 16. Qc3 a6 17. b4 axb5 18. bxc5 Ne7 19. Qa5 Qd7 20. Be3 Nd5 21. c6 Bb4+ 22. Qxb4 Nxe3 23. cxd7 1-0

[Event "Basel op"]
[Site "Basel"]
[Date "2019.01.05"]
[Round "6"]
[White "Pernutz, Hans Gerhard"]
[Black "Hess, Christian"]
[Result "1/2-1/2"]
[WhiteElo "2053"]
[BlackElo "2220"]
[PlyCount "54"]
[EventDate "2019.01.02"]
[EventType "swiss"]
[EventRounds "7"]
[EventCountry "SUI"]
[SourceTitle "CBM 188 Extra"]
[Source "ChessBase"]
[SourceDate "2019.02.26"]
[SourceVersion "1"]
[SourceVersionDate "2019.02.26"]
[SourceQuality "1"]

1. e4 c6 2. c4 d5 3. cxd5 cxd5 4. exd5 Nf6 5. Bb5+ Nbd7 6. Nc3 a6 7. Qa4 Rb8 8. Bxd7+ Qxd7 9. Qxd7+ Bxd7 10. d3 Bf5 11. Bg5 Rd8 12. Bxf6 gxf6 13. Rd1 Rg8 14. g3 Bh6 15. f3 e6 16. g4 Bg6 17. h4 Be3 18. h5 Bxh5 19. Rxh5 Bxg1 20. dxe6 fxe6 21. Rxh7 Rd7 22. Rxd7 Kxd7 23. d4 f5 24. Ke2 Bh2 25. Rh1 Bf4 26. gxf5 exf5 27. Kd3 Rg7 1/2-1/2

[Event "Basel op"]
[Site "Basel"]
[Date "2019.01.04"]
[Round "4"]
[White "Ananya, Rishi Gupta"]
[Black "Hess, Christian"]
[Result "0-1"]
[WhiteElo "1976"]
[BlackElo "2220"]
[PlyCount "166"]
[EventDate "2019.01.02"]
[EventType "swiss"]
[EventRounds "7"]
[EventCountry "SUI"]
[SourceTitle "CBM 188 Extra"]
[Source "ChessBase"]
[SourceDate "2019.02.26"]
[SourceVersion "1"]
[SourceVersionDate "2019.02.26"]
[SourceQuality "1"]

1. e4 c6 2. d4 d5 3. exd5 cxd5 4. Bd3 Nc6 5. c3 Qc7 6. Nf3 Bg4 7. Bg5 e6 8. Bh4 Bd6 9. Nbd2 Nf6 10. Bg3 Nh5 11. Bxd6 Qxd6 12. 0-0 Nf4 13. Bc2 0-0 14. Re1 f5 15. Re3 Rf6 16. Qe1 Rg6 17. g3 Nh3+ 18. Kh1 Rh6 19. Ne5 Nxe5 20. Rxe5 Ng5 21. Bd1 Bxd1 22. Rxd1 Rf8 23. Kg2 Rg6 24. Nf3 Ne4 25. Nh4 Rh6 26. Nf3 Rg6 27. Nh4 Rgf6 28. Nf3 Qa6 29. a3 Qb5 30. Rb1 a6 31. Nd2 Qd3 32. Rd1 Qb5 33. Rb1 Qa4 34. f3 Qc2 35. fxe4 fxe4 36. Kg1 Rf2 37. Rd1 Qxb2 38. Rxe6 Qxc3 39. Nxe4 Qxe1+ 40. Rxe1 dxe4 41. R6xe4 Ra2 42. R4e3 b5 43. d5 Rd2 44. Re5 Rd3 45. R1e3 Rd1+ 46. Kg2 Rd2+ 47. Kg1 Rf6 48. Re6 a5 49. R6e5 h6 50. d6 Rfxd6 51. Rxb5 Ra2 52. Rb1 Rdd2 53. h4 h5 54. Rf3 a4 55. Kh1 Kh7 56. Kg1 Rg2+ 57. Kf1 Rh2 58. Kg1 Rhc2 59. Kf1 Rc6 60. Kg1 Kg6 61. Rd1 Rf6 62. Rdd3 Rb6 63. Rf2 Rxf2 64. Kxf2 Rb3 65. Re3 Kf5 66. Rf3+ Kg4 67. Rf4+ Kh3 68. Rf3 Kh2 69. Ke2 Rb2+ 70. Ke3 Rb3+ 71. Ke2 Rb2+ 72. Ke3 Kg2 73. Ke4 Re2+ 74. Kf4 Re6 75. Rd3 Rg6 76. Rd2+ Kh3 77. Rd5 Rg4+ 78. Kf3 Rxg3+ 79. Kf2 Kxh4 80. Rxh5+ Kxh5 81. Kxg3 Kg5 82. Kf3 Kh4 83. Kf2 Kh3 0-1

[Event "Basel op"]
[Site "Basel"]
[Date "2019.01.03"]
[Round "3"]
[White "Hess, Christian"]
[Black "Simon, Ralf Axel"]
[Result "1/2-1/2"]
[WhiteElo "2220"]
[BlackElo "2075"]
[PlyCount "24"]
[EventDate "2019.01.02"]
[EventType "swiss"]
[EventRounds "7"]
[EventCountry "SUI"]
[SourceTitle "CBM 188 Extra"]
[Source "ChessBase"]
[SourceDate "2019.02.26"]
[SourceVersion "1"]
[SourceVersionDate "2019.02.26"]
[SourceQuality "1"]

1. Nf3 c5 2. c4 Nc6 3. Nc3 g6 4. e3 Nf6 5. d4 cxd4 6. exd4 d5 7. cxd5 Nxd5 8. Qb3 e6 9. Bb5 Bg7 10. 0-0 0-0 11. Bxc6 bxc6 12. Re1 Qb6 1/2-1/2

[Event "Aalborg Larsen Memorial"]
[Site "Aalborg"]
[Date "2018.10.18"]
[Round "6"]
[White "Hess, Christian"]
[Black "Wahlbom, Magnus"]
[Result "1/2-1/2"]
[WhiteElo "2225"]
[BlackElo "2159"]
[PlyCount "38"]
[EventDate "2018.10.13"]
[EventType "swiss"]
[EventRounds "7"]
[EventCountry "DEN"]
[SourceTitle "CBM 186 Extra"]
[Source "ChessBase"]
[SourceDate "2018.08.24"]
[SourceVersion "1"]
[SourceVersionDate "2018.08.24"]
[SourceQuality "1"]

1. Nf3 Nf6 2. c4 g6 3. Nc3 Bg7 4. e4 d6 5. d4 0-0 6. Be2 e5 7. Be3 Ng4 8. Bg5 f6 9. Bh4 Nh6 10. Qd2 Nd7 11. Rd1 Nf7 12. dxe5 dxe5 13. 0-0 c6 14. Qc2 Qe7 15. Nd2 Nc5 16. b4 Ne6 17. Qb1 Nd4 18. Bd3 Be6 19. f3 Rfd8 1/2-1/2

[Event "Aalborg Larsen Memorial"]
[Site "Aalborg"]
[Date "2018.10.16"]
[Round "4"]
[White "Hess, Christian"]
[Black "Aubert, Carsten"]
[Result "1-0"]
[WhiteElo "2225"]
[BlackElo "1997"]
[PlyCount "81"]
[EventDate "2018.10.13"]
[EventType "swiss"]
[EventRounds "7"]
[EventCountry "DEN"]
[SourceTitle "CBM 186 Extra"]
[Source "ChessBase"]
[SourceDate "2018.08.24"]
[SourceVersion "1"]
[SourceVersionDate "2018.08.24"]
[SourceQuality "1"]

1. c4 e6 2. Nc3 Nf6 3. e4 c5 4. e5 Ng8 5. Nf3 Nc6 6. d4 cxd4 7. Nxd4 Nxe5 8. Ndb5 a6 9. Nd6+ Bxd6 10. Qxd6 Ng6 11. Be3 Qe7 12. Qb6 f5 13. Qa5 Rb8 14. h4 Nxh4 15. Bf4 d6 16. c5 b6 17. Qa4+ b5 18. Qa5 e5 19. cxd6 Qxd6 20. Rd1 Qb6 21. Qxb6 Rxb6 22. Bg5 Nxg2+ 23. Bxg2 Nf6 24. Nd5 Nxd5 25. Rxd5 0-0 26. Rxe5 Bb7 27. Bxb7 Rxb7 28. Ke2 Rc7 29. Rc1 Rfc8 30. Rxc7 Rxc7 31. Kd3 Rd7+ 32. Kc2 Kf7 33. Rxf5+ Ke6 34. Rc5 Kd6 35. Be3 Re7 36. Rh5 Rc7+ 37. Kd3 Ke6 38. Rxh7 Kf5 39. Bd4 Ke6 40. Be3 Kf5 41. Bd4 1-0

[Event "Aalborg Larsen Memorial"]
[Site "Aalborg"]
[Date "2018.10.13"]
[Round "1"]
[White "Pedersen, Borge"]
[Black "Hess, Christian"]
[Result "1/2-1/2"]
[WhiteElo "1964"]
[BlackElo "2225"]
[PlyCount "69"]
[EventDate "2018.10.13"]
[EventType "swiss"]
[EventRounds "7"]
[EventCountry "DEN"]
[SourceTitle "CBM 186 Extra"]
[Source "ChessBase"]
[SourceDate "2018.08.24"]
[SourceVersion "1"]
[SourceVersionDate "2018.08.24"]
[SourceQuality "1"]

1. e4 c5 2. Nf3 e6 3. d4 cxd4 4. Nxd4 Nc6 5. Be3 Nf6 6. Nd2 d5 7. Nxc6 bxc6 8. e5 Nd7 9. f4 Bc5 10. Bxc5 Nxc5 11. Qf3 Rb8 12. Qf2 Qa5 13. Rb1 Ne4 14. Qe3 Nxd2 15. Qxd2 Qxa2 16. Qc1 c5 17. b3 Qa5+ 18. Qd2 Qb6 19. Ra1 0-0 20. h4 f6 21. Bd3 fxe5 22. fxe5 Qc7 23. Qe2 a6 24. Rh3 Rb4 25. c4 Kh8 26. Bc2 dxc4 27. bxc4 Bb7 28. Raa3 Rb2 29. Kd1 Qd8+ 30. Kc1 Qd4 31. Rad3 Rxc2+ 32. Kxc2 Qxc4+ 33. Kd1 Bxg2 34. Qxg2 Rb8 35. Qc2 1/2-1/2

[Event "Lueneburg op-A"]
[Site "Lueneburg"]
[Date "2018.07.11"]
[Round "7"]
[White "Von Estorff, Jacob"]
[Black "Hess, Christian"]
[Result "1-0"]
[WhiteElo "1838"]
[BlackElo "2243"]
[PlyCount "117"]
[EventDate "2018.07.06"]
[EventType "swiss"]
[EventRounds "9"]
[EventCountry "GER"]
[SourceTitle "CBM 185 Extra"]
[Source "ChessBase"]
[SourceDate "2018.07.29"]
[SourceVersion "1"]
[SourceVersionDate "2018.07.29"]
[SourceQuality "1"]

1. e4 c6 2. d4 d5 3. e5 Bf5 4. Nc3 e6 5. g4 Bg6 6. Nge2 c5 7. h4 h5 8. Nf4 Bh7 9. Nxh5 Nc6 10. Be3 Bxc2 11. Qxc2 cxd4 12. 0-0-0 dxe3 13. fxe3 Qc7 14. e4 d4 15. Nb5 Qxe5 16. Nxd4 Nxd4 17. Rxd4 a6 18. Bxa6 Ne7 19. Bxb7 Qxd4 20. Bxa8 Qa7 21. Bc6+ Nxc6 22. Qxc6+ Qd7 23. Qa8+ Qd8 24. Qxd8+ Kxd8 25. Ng3 Be7 26. h5 Bg5+ 27. Kc2 Ke7 28. Ne2 Kd6 29. Rf1 Rc8+ 30. Nc3 Rc7 31. a4 Kc5 32. Rd1 Bf6 33. Kb3 Be5 34. Nb5 Rb7 35. Rc1+ Kb6 36. Kb4 Rb8 37. a5+ Kb7 38. b3 Bg3 39. Ka4 Rd8 40. Rf1 Rd7 41. g5 Be5 42. Na3 Rd4+ 43. Nc4 Rxe4 44. Rxf7+ Ka6 45. h6 gxh6 46. gxh6 Bc3 47. Rf3 Bxa5 48. Rh3 Bc3 49. Rxc3 Rh4 50. b4 Rxh6 51. b5+ Ka7 52. Ka5 Rh5 53. Re3 Rh1 54. Rxe6 Ra1+ 55. Kb4 Kb7 56. Re7+ Kb8 57. Kc5 Rh1 58. Kc6 Rh8 59. Nd6 1-0

[Event "Schleswig Holstein-ch Seniors op 11th"]
[Site "Buesum"]
[Date "2017.09.14"]
[Round "7"]
[White "Knaak, Joachim"]
[Black "Hess, Christian"]
[Result "1/2-1/2"]
[WhiteElo "2129"]
[BlackElo "2238"]
[PlyCount "49"]
[EventDate "2017.09.08"]
[EventType "swiss"]
[EventRounds "9"]
[EventCountry "GER"]
[SourceTitle "EXT 2019"]
[Source "ChessBase"]
[SourceDate "2018.10.10"]
[SourceVersion "1"]
[SourceVersionDate "2018.10.10"]
[SourceQuality "1"]

1. d4 d5 2. c4 c6 3. Nc3 Nf6 4. Nf3 dxc4 5. a4 Bf5 6. e3 e6 7. Bxc4 Bb4 8. 0-0 0-0 9. Qe2 Nbd7 10. e4 Bg6 11. e5 Nd5 12. Bd2 Qa5 13. Rfc1 h6 14. Nxd5 cxd5 15. Bxb4 Qxb4 16. Bd3 Rac8 17. Bxg6 fxg6 18. Qb5 Qxb5 19. axb5 a6 20. bxa6 bxa6 21. Kf1 Rxc1+ 22. Rxc1 Rb8 23. Rc6 Kf7 24. Rxa6 Rxb2 25. Ra7 1/2-1/2

[Event "Schleswig Holstein-ch Seniors op 11th"]
[Site "Buesum"]
[Date "2017.09.08"]
[Round "1"]
[White "Duijker, Bert"]
[Black "Hess, Christian"]
[Result "0-1"]
[WhiteElo "1868"]
[BlackElo "2238"]
[PlyCount "40"]
[EventDate "2017.09.08"]
[EventType "swiss"]
[EventRounds "9"]
[EventCountry "GER"]
[SourceTitle "EXT 2019"]
[Source "ChessBase"]
[SourceDate "2018.10.10"]
[SourceVersion "1"]
[SourceVersionDate "2018.10.10"]
[SourceQuality "1"]

1. Nf3 d5 2. d4 Nf6 3. c4 dxc4 4. g3 Nc6 5. Bg2 e5 6. dxe5 Qxd1+ 7. Kxd1 Ng4 8. Rf1 Bc5 9. e3 Be6 10. a4 0-0-0+ 11. Ke2 Bf5 12. Nc3 Bd3+ 13. Ke1 Bxf1 14. Bxf1 Ncxe5 15. Ng5 Bb4 16. Bd2 h6 17. Nge4 f5 18. Bh3 Rhf8 19. Ke2 Kb8 20. f4 Nd3 0-1

[Event "Baden Wuerttemberg-ch Seniors op 3rd"]
[Site "Freudenstadt"]
[Date "2017.07.08"]
[Round "9"]
[White "Schrems, Hermann"]
[Black "Hess, Christian"]
[Result "0-1"]
[WhiteElo "2080"]
[BlackElo "2228"]
[PlyCount "80"]
[EventDate "2017.06.30"]
[EventType "swiss"]
[EventRounds "9"]
[EventCountry "GER"]
[SourceTitle "EXT 2019"]
[Source "ChessBase"]
[SourceDate "2018.10.10"]
[SourceVersion "1"]
[SourceVersionDate "2018.10.10"]
[SourceQuality "1"]

1. d4 d5 2. c4 c6 3. cxd5 cxd5 4. Nc3 Nf6 5. f3 g6 6. e4 dxe4 7. fxe4 Bg7 8. Bb5+ Bd7 9. e5 Nd5 10. Qb3 Nb6 11. Nf3 Nc6 12. 0-0 0-0 13. Be3 Be6 14. Qc2 Bc4 15. Bxc4 Nxc4 16. Bf2 Rc8 17. Rad1 Nb4 18. Qe2 Nd5 19. Qe4 Ncb6 20. Ne2 Qd7 21. h4 Qf5 22. Ng3 Qxe4 23. Nxe4 Nc4 24. Rb1 Bh6 25. Rfd1 Nce3 26. Rd3 Rc2 27. Ne1 Rc7 28. Nc3 Rd8 29. Nf3 a6 30. Ne4 Nxg2 31. Nfg5 Ngf4 32. Rf3 Bxg5 33. Nxg5 f6 34. Nh3 Nxh3+ 35. Rxh3 Nf4 36. Re3 Rc2 37. exf6 exf6 38. Re7 Nh3+ 39. Kg2 Nxf2 40. Rxb7 Ne4+ 0-1